What really is public maladministration? (Record no. 1544)

000 -LEADER
fixed length control field 01102pab a2200145 454500
008 - FIXED-LENGTH DATA ELEMENTS--GENERAL INFORMATION
fixed length control field 180718b xxu||||| |||| 00| 0 eng d
100 ## - MAIN ENTRY--PERSONAL NAME
Personal name Caiden, Gerald E
245 ## - TITLE STATEMENT
Title What really is public maladministration?
520 ## - SUMMARY, ETC.
Summary, etc. Basing on research conducted in different countries on administrative failures and maladministration, Caiden attempts to construct a view of public maladministration which draws sustenance basically from the bureaucratisation process with its impact on administrative behaviour and organisation. To evolve a proper theoretical framework, he presents an interesting and comprehensive typology of over 175 bureaupathologies. Drawing support from research findings, Caiden endorses the view that these bureaupathologies reflect not the failings of individuals in public administration organisations but the systemic and organisational deficiencies caused by bureaucratic inertia and complacency. The article reflects t
650 ## - SUBJECT ADDED ENTRY--TOPICAL TERM
Topical term or geographic name entry element Maladministration
650 ## - SUBJECT ADDED ENTRY--TOPICAL TERM
Topical term or geographic name entry element Public Administration
650 ## - SUBJECT ADDED ENTRY--TOPICAL TERM
Topical term or geographic name entry element Bureaucracy
773 ## - HOST ITEM ENTRY
Main entry heading Indian Journal of Public Administration
909 ## -
-- 1544
Holdings
Withdrawn status Lost status Damaged status Not for loan Permanent Location Current Location Date acquired Serial Enumeration / chronology Barcode Date last seen Price effective from Koha item type
        Indian Institute of Public Administration Indian Institute of Public Administration 2018-07-19 Issue no: 37(1), Jan.-Mar.91, p.1-16 AR1544 2018-07-19 2018-07-19 Articles

Powered by Koha